Integración : discriminar para no discriminar (Record no. 70607)

MARC details
000 -CABECERA
campo de control de longitud fija 00573nam a2200205 a 4500
005 - FECHA Y HORA DE LA ÚLTIMA TRANSACCIÓN
campo de control 20210219153205.0
008 - ELEMENTOS DE LONGITUD FIJA--INFORMACIÓN GENERAL
campo de control de longitud fija 991125n 000 0 spa u
035 ## - NÚMERO DE CONTROL DEL SISTEMA
Número de control de sistema UPN01000083295
100 ## - ASIENTO PRINCIPAL--NOMBRE PERSONAL
Nombre de persona CEDRON, Sandra Marcela
222 ## - TÍTULO CLAVE
Título clave EDUCACION EN LOS PRIMEROS AÑOS
245 ## - MENCIÓN DE TÍTULO
Título Integración : discriminar para no discriminar
260 ## - PUBLICACIÓN, DISTRIBUCIÓN, ETC.
Lugar de publicación, distribución, etc. Buenos Aires, Argentina
300 ## - DESCRIPCIÓN FÍSICA
Extensión 46-57
362 ## - FECHAS DE PUBLICACIÓN Y/O DESIGNACIÓN SECUENCIAL
Fecha de publicación y/o designación secuencial 2000 Año 3, no. 21, feb.
653 0# - TERMINO DE INDIZACION - NO CONTROLADO
Término no controlado FAMILIA
653 0# - TERMINO DE INDIZACION - NO CONTROLADO
Término no controlado INTEGRACION ESCOLAR
653 0# - TERMINO DE INDIZACION - NO CONTROLADO
Término no controlado INTERACCION MADRE-HIJO
904 ## - ELEMENTOS DE DATOS D LOCAL, LDD (RLIN)
a AC
b 021106
905 ## - TIPO DE MATERIAL
Tipo de material Articulo

No items available.